Statistics for American Flags Flag Quiz

Click here to take the quiz!

General Stats

  • This quiz has been taken 7 times
  • The average score is 6 of 15

Answer Stats

Question Answer % Correct
How many stars were on the US flag of during the First World War?48 Stars
100%
What is the national flag in the canton of the flag of the state of Hawai'i?The flag of the United Kingdom
83%
Which national flag looks most similar to the flag of Puerto RicoCuba
67%
What is the phraze emblazoned on the flag of California?California Republic
67%
What was the design inspiration for the flag of the state of Maryland?The crest of the first Governor of Maryland, Lord Baltimore
50%
What is the ratio of the United States flag?10:19
50%
What was the design inspiration for the flag of Washington, D.C.?The crest of the Washington Family
33%
Which state has a confederate flag on their state flag?Mississipi
33%
Which flag features a buffalo in silhouette?Wyoming
33%
Which state flag is a square?Rhode Island
33%
Which state flag features a crescent moon?South Carolina
33%
What is the only state flag that is not in the traditional rectangular form?Ohio
17%
Which constellation is featured on the flag of Alaska?Big Dipper
17%
What is the only flag to heavily feature the color green?Washington
17%
When did the United States gain its fiftieth star?July 4, 1960, the first Independence Day since Hawai'i was admitted to the Union
0%

Score Distribution

Percentile by Number Answered

Percent of People with Each Score

Your Score History

You have not taken this quiz